Normal view
MARC view
- Zia-ul-Haq
Entry Personal Name
001 - CONTROL NUMBER
- control field: 17742
003 - CONTROL NUMBER IDENTIFIER
- control field: NUST
005 - DATE AND TIME OF LATEST TRANSACTION
- control field: 20190716055136.0
008 - FIXED-LENGTH DATA ELEMENTS
- fixed length control field: 190716|| aca||aabn | a|a d
040 ## - CATALOGING SOURCE
- Original cataloging agency: NUST
- Transcribing agency: NUST
100 ## - HEADING--PERSONAL NAME
- Personal name: Zia-ul-Haq
670 ## - SOURCE DATA FOUND
- Source citation: Work cat.: (NUST): Zia-ul-Haq, Route Optimization Technique for Nested Mobile Networks /, 2012.
